000 00584cam a22002053a 4500
001 38738
003 PGUSA
005 20140828083844.0
008 120202s2012||||xxu|||||s|||||000 | eng d
040 _aPGUSA
_beng
042 _adc
100 1 _aCampbell, J. Duncan
245 1 0 _aAmerican Military Insignia 1800-1851
_h[electronic resource] /
_cJ. Duncan Campbell
260 _bProject Gutenberg,
_c2012
506 _aPublic domain in the USA.
516 _aElectronic text
830 0 _aProject Gutenberg
_v38738
856 4 0 _uhttp://www.gutenberg.org/ebooks/38738
942 _cEB
999 _c267992
_d267992